000 00705nam a2200181Ia 4500
003 GCL
008 140319s9999 xx 000 0 ara d
040 _aGCL /
_cGCL
082 0 4 _a221.131
_bب م
100 1 _aبهجت عبدالواحد الشخيلى(اعداد)
245 1 0 _aماذا قال الرسول الكريم عن سور القران الكريم :
_b(مع شرح أسماء السور) /
_cبهجت عبدالواحد الشخيلى(اعداد)
260 _aالاردن :
_bدار الفكر للدراسات والنشر والتوزيع ،
_c1994
300 _a246 ص ؛
_c24 سم
490 _a
650 0 4 _aتفاسير
650 0 4 _aالقران - تفسير
942 _2ddc
_cBK
999 _c54617
_d54617